1887 1073 1804 1050 1149 1312 1668 1167 1038 1880 1588 1233 1315 1334 1370 1521 1607 1105 1102 1446 1448 1128 1057 1611 1535 1370 1035 1071 1576 1625 1756 1202 1740 1774 1464 1093 1979 1026 1519 1132 1128 1176 1106 1515 1653 1629 1284 1771 1139 1867 1765 1515 1183 1781 1179 1755 1416 1472 1178 1205 1125 1239 1665 1435 1555 1408 1262 1064 1464 1147 1760 1952 1834 1699 1410 1843 1737 1947 1091 1206 1683 1967 1537 1391 1877 1646 1440 1812 1021 1285 1414 1968 1209 1553 1294 1948 1374 1923 1946 BCNSPRNW ULIB Ver.6.0+V

เปลี่ยนเป็นภาษาไทย

Change to English
 แสดงรายละเอียดบรรณานุกรม
  กลับหน้าหลัก

Brief Record : Get Marc (ISO 2709) : E-mail record : QR code < ปิดหน้าต่าง
LEADER : 00000nam 2200000uu 4500
001    13399120546
003     ULIB
008    120924s2548||||th 000 0 tha d
060  4 ^aQZ200^bส938ค
110 1  ^aกระทรวงสาธารณสุข^bกรมการแพทย์^bสถาบันมะเร็งแห่งชาติ^bศูนย์มะเร็งลพบุรี
245 00 ^aคู่มือการดูแลช่องปากผู้ป่วยรับรังสีรักษาบริเวณศีรษะและคอ/^cบรรณาธิการ,นิวัติ เพียรไทย
250    ^aพิมพ์ครั้งที่ 1
260    ^aลพบุรี:^bศูนย์มะเร็ง ลพบุรี,^c2548
300    ^a44 หน้า:^bภาพประกอบ
700 0  ^aสุณียา นามประเสริฐ,^eบรรณาธิการ
945    ^p0^l0^i24163
945    ^p0^l0^i24165
945    ^p0^l0^i24164
945    ^p0^l0^i24169
945    ^p0^l0^i24168
945    ^p0^l0^i24167
945    ^p0^l0^i24166
995    ^aกัณชพร
999 ^a ใช้งานได้ทุกระบบ
รายการนี้ยังไม่มีแท็ก
คุณยังไม่ได้ล็อกอิน คุณสามารถมีกิจกรรมร่วมกับเว็บไซต์ได้ แต่ต้องล็อกอินก่อน ::
  ล็อกอิน

รายการสื่อสารสนเทศ

ลำดับที่ ประเภท เลขเรียก/บาร์โค้ด สถานที่ สถานะ
1. วิทยาศาสตร์การแพทย์ และสุขภาพ
วิทยาศาสตร์การแพทย์ และสุขภาพ
QZ200 ส938ค  
  Barcode: 24163
ห้องสมุดวิทยาเขตสวรรค์ประชารักษ์
►หนังสือทั่วไป
ถูกยืม กำหนดส่งวันที่ 11 พฤษภาคม 2558
  จอง
2. วิทยาศาสตร์การแพทย์ และสุขภาพ
วิทยาศาสตร์การแพทย์ และสุขภาพ
QZ200 ส938ค ฉ.2 
  Barcode: 24165
ห้องสมุดวิทยาเขตสวรรค์ประชารักษ์
►หนังสือทั่วไป
ถูกยืม กำหนดส่งวันที่ 11 พฤษภาคม 2558
  จอง
3. วิทยาศาสตร์การแพทย์ และสุขภาพ
วิทยาศาสตร์การแพทย์ และสุขภาพ
QZ200 ส938ค ฉ.3 
  Barcode: 24164
ห้องสมุดวิทยาเขตสวรรค์ประชารักษ์
►หนังสือทั่วไป
ถูกยืม กำหนดส่งวันที่ 11 พฤษภาคม 2558
  จอง
4. วิทยาศาสตร์การแพทย์ และสุขภาพ
วิทยาศาสตร์การแพทย์ และสุขภาพ
QZ200 ส938ค ฉ.4 
  Barcode: 24169
ห้องสมุดวิทยาเขตสวรรค์ประชารักษ์
►หนังสือทั่วไป
ถูกยืม กำหนดส่งวันที่ 11 พฤษภาคม 2558
  จอง
5. วิทยาศาสตร์การแพทย์ และสุขภาพ
วิทยาศาสตร์การแพทย์ และสุขภาพ
QZ200 ส938ค ฉ.5 
  Barcode: 24168
ห้องสมุดวิทยาเขตสวรรค์ประชารักษ์
►หนังสือทั่วไป
ถูกยืม กำหนดส่งวันที่ 11 พฤษภาคม 2558
  จอง
6. วิทยาศาสตร์การแพทย์ และสุขภาพ
วิทยาศาสตร์การแพทย์ และสุขภาพ
QZ200 ส938ค ฉ.6 
  Barcode: 24167
ห้องสมุดวิทยาเขตสวรรค์ประชารักษ์
►หนังสือทั่วไป
ถูกยืม กำหนดส่งวันที่ 11 พฤษภาคม 2558
  จอง
7. วิทยาศาสตร์การแพทย์ และสุขภาพ
วิทยาศาสตร์การแพทย์ และสุขภาพ
QZ200 ส938ค ฉ.7 
  Barcode: 24166
ห้องสมุดวิทยาเขตสวรรค์ประชารักษ์
►หนังสือทั่วไป
ถูกยืม กำหนดส่งวันที่ 11 พฤษภาคม 2558
  จอง

BibComment


ยังไม่เคยถูกคอมเมนท์

คอมเมนท์ทรัพยากรรายการนี้
  คอมเมนท์: คู่มือการดูแลช่อ..


 Copyright 2026. Bcnsprnw @Library